[Event "Budapest FS09 FM-B"]
[Site "Budapest"]
[Date "2006.09.04"]
[Round "3"]
[White "Schuetz, Peter"]
[Black "Antos, Zoltan"]
[Result "1-0"]
[WhiteElo "1944"]
[BlackElo "1898"]
[PlyCount "79"]
[EventDate "2006.09.02"]
[EventType "tourn"]
[EventRounds "13"]
[EventCountry "HUN"]
[SourceTitle "CBM 114 Extra"]
[Source "ChessBase"]
[SourceDate "2006.11.03"]
[SourceVersion "1"]
[SourceVersionDate "2006.11.03"]
[SourceQuality "1"]

1. e4 c5 2. Nc3 e6 3. f4 Nc6 4. Nf3 g6 5. Bc4 Bg7 6. 0-0 Nge7 7. Qe1 0-0 8. d3 d5 9. Bb3 a6 10. a4 Rb8 11. Qh4 b5 12. f5 gxf5 13. exd5 Nxd5 14. Bxd5 exd5 15. Bf4 Rb7 16. axb5 axb5 17. Qg3 Re8 18. Ra6 Re6 19. Nh4 Nd4 20. Bh6 f6 21. Rxe6 Bxe6 22. Be3 Nxc2 23. Bxc5 d4 24. Qf3 Rd7 25. Nxb5 Rd5 26. Qe2 Qc8 27. Nd6 Re5 28. Qxe5 fxe5 29. Nxc8 Bxc8 30. Nxf5 Bxf5 31. Rxf5 Ne1 32. Kf1 Nxd3 33. b4 Nb2 34. b5 d3 35. Be3 Nc4 36. Bg5 e4 37. Rc5 Nb6 38. Rc6 Bd4 39. Re6 Bc3 40. Rxb6 1-0

[Event "Budapest FS09 FM-B"]
[Site "Budapest"]
[Date "2006.09.02"]
[Round "1"]
[White "Faure, Marc"]
[Black "Antos, Zoltan"]
[Result "0-1"]
[WhiteElo "1760"]
[BlackElo "1898"]
[PlyCount "70"]
[EventDate "2006.09.02"]
[EventType "tourn"]
[EventRounds "13"]
[EventCountry "HUN"]
[SourceTitle "CBM 114 Extra"]
[Source "ChessBase"]
[SourceDate "2006.11.03"]
[SourceVersion "1"]
[SourceVersionDate "2006.11.03"]
[SourceQuality "1"]

1. Nf3 d5 2. c4 e6 3. b3 c5 4. g3 d4 5. Bg2 Nc6 6. 0-0 Bd6 7. e3 Nge7 8. Re1 0-0 9. exd4 cxd4 10. d3 e5 11. Ng5 f5 12. Qh5 h6 13. Nh3 Nb4 14. Qe2 e4 15. dxe4 d3 16. Qd2 Nc2 17. Bb2 Nxe1 18. Qxe1 fxe4 19. Qxe4 Qb6 20. Qd4 Qxd4 21. Bxd4 Nc6 22. Bc3 Bxh3 23. Bxh3 Bc5 24. Be1 Nd4 25. Nc3 Nc2 26. Ne4 Nxa1 27. Nxc5 Rae8 28. Nxd3 Rf3 29. Bf1 Rxd3 30. Bxd3 Rxe1+ 31. Kg2 Rd1 32. Be4 b6 33. b4 Rc1 34. Kf3 Kf8 35. Bd5 Nc2 0-1